Statistics for the next step season 2

Click here to take the quiz!

General Stats

  • This quiz has been taken 11 times
  • The average score is 12 of 13

Answer Stats

HintAnswer% Correct
who is the member that joins A troupe from eliteamanda
100%
who kissed jamesbeth
100%
who got the man soloeldon
100%
who is michelle's old friend from madisonhunter
100%
what is the name of riley and jamesjiley
100%
who got female solomichelle
100%
who saw james and beth kissriley
100%
who won nationalsthe next step
100%
how many members are in A trope12
89%
who got the duetriley and james
89%
which 2 girls did not make it into A troupetiffany and stephanie
89%
what happens to riley and jamesbreak up
78%
what is the name of the juice barcoltershock
11%

Score Distribution

Percentile by Number Answered

Percent of People with Each Score

Your Score History

You have not taken this quiz